Quizzes
Events
Quiz Creation
Community
Videos
Private Events
Remove Ads
Sign In
Join for FREE
Feedback
Dark Mode
Quiz Categories
Sports
Geography
Music
Movies
Television
Just For Fun
Miscellaneous
History
Literature
Language
Science
Gaming
Entertainment
Religion
Holiday
For Kids
Quiz Lab
Recent
Popular Today
Quiz Kudos Today
Editor Picks
Curator Picks
Quizzes by...
Day
Popularity
Type
Ratings
Length
Year
Community
Subscriptions
Recent Discussions
Orange Saloon
Badges
Playlists
Quests
Create
Leaderboards
Showdown
Live 5
Trivia Bingo
Activity
Puzzle Library
Sporcle Events
Private Events
Virtual Trivia
Globe League
Become a Host
Pub Owners
SporcleCon
Opinionation
Our Games
Videos
Blog
Mobile Apps
Partnerships
Remove Ads and Go Orange
Feedback
Miscellaneous
Crossword
General Knowledge
Baby Names
Logo
Food
Cars
Numbers
Grab Bag
University
College
Popular
Company
Slogans
Restaurants
Justice
Letter
Miscellaneous
Crossword
General Knowledge
Baby Names
Logo
Food
Cars
Numbers
Grab Bag
University
College
Popular
Company
Slogans
Restaurants
Justice
Letter
Random Quiz
Search Sporcle
×
Quiz Lab
Quiz Lab
Miscellaneous
Party
Type in answers that appear in a list
Type in answers that appear in a list
Classic
Best Score? Go Orange.
Best Party Schools Stats
Can you name the Best Party Schools for 2019 according to Niche?
By
pablioso
10m
50 Questions
37 Plays
37 Plays
37 Plays
Comments
Comments
Give Quiz Kudos
Give Quiz Kudos
-
- Ratings
hide this ad
Replay
Link that replays current quiz
Next Quiz
Link to next quiz in quiz playlist
You Got
0%
They Got
Avg Score
59%
Avg Friend Score
Upgrade to see
Score Distribution
Jump to the score distribution portion of the page
Score
0/50
Timer
10:00
0
Plays Today
Number
School
% Correct
10.
University of Texas
91.9%
14.
Miami University
91.9%
18.
University of Southern California
91.9%
30.
University of Miami
91.9%
9.
Florida State University
89.2%
15.
Pennsylvania State University
89.2%
24.
University of Pennsylvania
89.2%
27.
University of Michigan
89.2%
33.
University of Florida
89.2%
7.
Indiana University
86.5%
11.
University of Iowa
86.5%
16.
Ohio University
86.5%
26.
Michigan State University
86.5%
50.
University of California Los Angeles
86.5%
4.
University of Wisconsin
81.1%
8.
University of Alabama
81.1%
31.
Ohio State University
81.1%
47.
University of Virginia
81.1%
2.
University of Georgia
78.4%
17.
University of Mississippi
78.4%
23.
Louisiana State University
78.4%
6.
University of Illinois
75.7%
20.
University of Kansas
75.7%
28.
University of Colorado
75.7%
32.
University of South Carolina
70.3%
Number
School
% Correct
3.
West Virginia University
67.6%
19.
Syracuse University
67.6%
38.
University of Arkansas
67.6%
22.
University of Missouri
64.9%
29.
Rutgers University
64.9%
1.
Tulane University
56.8%
12.
Southern Methodist University
51.4%
25.
San Diego State University
48.6%
43.
Vanderbilt University
48.6%
35.
University of Delaware
45.9%
40.
University of Massachusetts
45.9%
46.
Temple University
43.2%
13.
University of California Santa Barbara
37.8%
34.
Loyola University New Orleans
24.3%
41.
Texas State University
24.3%
45.
University of Dayton
21.6%
5.
Howard University
16.2%
39.
George Washington University
16.2%
36.
Florida A&M University
13.5%
42.
Bowling Green State University
13.5%
44.
University at Albany, SUNY
13.5%
37.
College of Charleston
8.1%
48.
Morehouse College
5.4%
49.
North Carolina A&T State University
2.7%
21.
Clark Atlanta University
0%
Quiz Playlist
Details
Report
Send in Message
Add To Playlist
Classic:
Type in answers that appear in a list
Last Updated: Nov 29, 2018
Quiz Scoreboard
CHALLENGE
Sign Up to Join the Scoreboard
Show All
Scores
Hide
Comments
May contain spoilers
Recently Published
9x9 Crossword: Cartoon Network
by jackfrog10
Miscellaneous
3m
College Basketball Coaching Resumes
by pancakes188
Sports
9m
Billboard Blitz: Fleetwood Mac
by CooCooCachoo
Music
15s
More to Explore
Quiz From the Vault
Featured Blog Post
Where Did the Easter Bunny Come From?
hide this ad
You Might Also Like...
Tags
Party
school
Today's Top Quizzes in Miscellaneous
Browse Miscellaneous
hide this ad
Today's Top Quizzes in Party
Browse Party
Top Contributed Quizzes in Miscellaneous
1
5-to-1: Fast Food
2
The JOE quick-fire general knowledge quiz: Day 174
3
The JOE quick-fire general knowledge quiz: Day 173
4
5-to-1: Cocktails
5
The JOE quick-fire general knowledge quiz: Day 172
6
Sunday Crossword: Famous Bodies of Water
7
9x9 Crossword: Disney Movie Titles
8
The JOE quick-fire general knowledge quiz: Day 171
9
Named After an Animal - Odd One Out!
10
One Thing in Common: United Kingdom II
Explore More
Trending Topics
Anime
Marvel
NBA
Disney
Harry Potter
Crossword
Kpop
Puzzle
Soccer
NFL
The Office
Pokémon
WWE
Song
Country
hide this ad
More By:
pablioso
Quiz
Plays
Rating
Category
Featured
Created
Variety's Best TV Shows
5,786
4.47
Television
Dec 23, 2023
NHL Teams by Stadium
3,953
4.40
Sports
May 13, 2019
Most Famous People
2,321
5.00
History
Mar 4, 2021
NBA Trivia
2,303
3.40
Sports
Mar 31, 2017
NBA PPG: Higher or Lower
2,031
5.00
Sports
Sep 30, 2019
Go to Creator's Profile
Score Distribution
Quiz Creator Spotlight
pablioso
Follow
Send a Message
Quizzes Created
-
Created Quiz Play Count
-
More By This Creator
Popular Quizzes Today
1
Find the US States - No Outlines Minefield
2
Find the Countries of Europe - No Outlines Minefield
3
The Countries of the World
4
Find the US States
5
Risky Map Clicking: Biggest States A-Z
6
US States
7
Popular People in 1961
8
Movies - When Are They Set?
More Miscellaneous Quizzes
9-Letter Sorting Gallery III
Quiz Lab
Trending Quizzes
Risky Map Clicking: Least Populous States A-Z
1-10 Letter G Words
Risky Map Clicking: Next State Alphabetically
Adjectives in 80s TV Shows
Risky Map Clicking: Biggest States A-Z
Recently Updated
Leaping Animals
pecheneg
Reality TV Shows (A-Z)
bhenderson79
Rickey Henderson's Hall of Fame Teammates
pecheneg
Champions League XIs: Arsenal
pecheneg
Quick Pick: Celebrities in WWE's Hall of Fame
aduchscher
A-Z Keypad Blitz II
pecheneg
Multiple Oscar Actors
pecheneg
Mystery Phrase Blitz: Oscar 'Best Actors'
pecheneg
F. Scott Fitzgerald Novels
LTH
Pick 3 Villains
ddd62291
Trending Topics
Crossword
NBA
Disney
Anime
Marvel
Kpop
Harry Potter
Song
Pokémon
NFL
Country
Puzzle
WWE
Soccer
The Office
Your Account Isn't Verified!
In order to create a playlist on Sporcle, you need to verify the email address you used during registration. Go to your
Sporcle Settings
to finish the process.
Report this User
Report this user for behavior that violates our
Community Guidelines
.
Details:
Send Report
Go to the Sporcle.com Mobile Site →
Comments